000
00428nam a2200145Ia 4500
008
100204s9999 xx 000 0 und d
082
_b
26798
100
_a
भारव्दाज मंदाकिनी
245
_a
खेळीया
260
_b
"पायल पब्लिकेशन , पुणे"
_c
2006
300
_a
248
630
_a
खेळीया
730
_a
खेळीया
942
_c
BOOK
999
_c
472033
_d
472030